Kpop random songs - Statistics

General Stats
  • This quiz has been taken 133 times
  • The average score is 14 of 159
Answer Stats
Group Letter Answer % Correct
New Jeans A Attention
59%
Jennie L Like Jennie
42%
Treasure B Boy
41%
Kai R Rover
35%
Aespa D Drama
33%
New jeans S Super shy
29%
BTS A Anpanman
28%
Itzy L Loco
28%
Twice T The feels
28%
Kep1er W Wa da da
28%
Kiss of life I Igloo
27%
Twice D Dance the night away
26%
Ive K Kitsch
25%
Soyeon P Psycho
25%
Loona B Butterfly
24%
TXT C Crown
24%
Aespa S Savage
23%
Itzy W Wannabe
23%
Bts D Dynamite
22%
(G)I-dle L Lion
22%
Le sserafim S Smart
21%
Kiss of life S Sticky
21%
Mamamoo H Hip
20%
Seventeen M Maestro
20%
Winner R Really really
20%
Ateez A Answer
19%
(G)I-dle T Tomboy
19%
Exo C Call me baby
18%
Stray kids C Case 143
18%
New jeans H How sweet
18%
Shinee L Lucifer
18%
BTS R Run
18%
NCT dream C Candy
17%
PSY D Daddy
17%
Twice F Feel special
17%
Zerobaseone I In bloom
16%
Stray kids G God's menu
15%
Stray kids T The view
15%
Shinee V View
15%
XG W Woke up
15%
Stray Kids C Circus
14%
(G)I-dle H Hann
14%
Twice H Heartshaker
14%
Enhypen S Sweet Venom
14%
Exo T Tempo
14%
Stray Kids C Charmer
13%
&Team F Firework
13%
Loona P PTT (paint the town)
13%
Red Velvet F Feel my rhythm
11%
Stray kids H Hellevator
11%
BTS I Idol
11%
Stray Kids D Domino
10%
Everglow F First
10%
Twice H Hare hare
10%
Taeyong S Shalala
10%
Stayc T Teddy bear
10%
BTS B Black swan
9%
BTS D Dope
9%
Twice I I can't stop me
9%
Twice M Moonlight sunrise
9%
Girls' generation R Run devil run
9%
Nct 127 C Cherry Bomb
8%
Loona H Hi HIgh
8%
(G)I-dle D Dumdi dumdi
7%
Ateez F Fever
7%
Xlov I Imma be
7%
Seventeen L Left and right
7%
BTS L Life goes on
7%
BTS N Not today
7%
Red Velvet P Peek-a-boo
7%
BTS S Spring day
7%
Ten W Water
7%
Ateez H Hala hala
6%
NCT U M Make a wish
6%
Exo P Power
6%
Stray kids Q Question
6%
Bts S Save me
6%
Stayc S So bad
6%
Nct 127 S Sticker
6%
The Boyz D D.D.D
5%
BTS E Epiphany
5%
Got7 H Hard carry
5%
BTS M Mic drop
5%
Agust D T The last
5%
Stray Kids C Chronosaurus
4%
(G)I-dle I I want that
4%
BTS L Love maze
4%
Young Posse P Posse up
4%
enhypen S Scream
4%
Exo T The eve
4%
Seventeen D Don't wanna cry
3%
Ateez F Fireworks (I'm The One)
3%
Stray kids F Freeze
3%
Sunmi H Heroine
3%
Enhypen L Let me in
3%
NCT 127 L Limitless
3%
TXT N No rules
3%
Nmixx P Paxxword
3%
Seventeen R Rock With You
3%
Nct 127 S Simon says
3%
Itzy S Swipe
3%
BTS W War of hormone
3%
Pixy W Wings
3%
MCND C Crush
2%
Stray kids F FNF
2%
BTS F Friends
2%
Ateez H Horizon
2%
TXT M Magic
2%
Stray Kids T Top
2%
Ateez Y Youth
2%
Ateez B Better
1%
Stray Kids D Doodle
1%
Ateez D Dreamers
1%
Stray kids D Drive
1%
Stray Kids E Easy
1%
NCT U F Faded in my last song
1%
Twice G Go hard
1%
Ladies' Code H Hate you
1%
Stray Kids I I got it
1%
The Boyz K Kiss me if you can
1%
P1Harmony L Late night calls
1%
Jay Park M Me like yuh
1%
Oneus N No Diggity
1%
Ateez P Precious
1%
Stray kids S Secret secret
1%
Stray Kids S Silent cry
1%
Ateez S Silver light
1%
Ateez S Siren
1%
NCT Dream S Stupid Cupid
1%
Stray Kids S Super bowl
1%
Ateez T Thanxx
1%
Ateez T The king
1%
Taemin T Thirsty
1%
Stray Kids W Winter falls
1%
Pentagon B Basquiat
0%
Oneus C Come back home
0%
Loossemble D Day by Day
0%
TXT D Dear Sputnik
0%
Ateez D Desire
0%
TXT F Farewell neverland
0%
Pentagon F Feelin like
0%
TXT H Happy Fools
0%
Stray kids H Hoodie season
0%
Ateez A Illusion
0%
Astro M Madness
0%
Stayc N Not like you
0%
CIX N Numb
0%
Ateez O Outlaww
0%
BTS P Persona
0%
Stray Kids S Saiyan
0%
Ateez S Sector 1
0%
Seventeen S Shadow
0%
SF9 S Summer breeze
0%
Ateez T Twilight
0%
Victon U Unpredictable
0%
Stray kids U Up all night
0%
TXT W We lost the summer
0%
TXT W Wishlist
0%
Stray kids W Wow
0%
No matching quizzes found
Score Distribution
Percent of People with Each Score
Percentile by Number Answered
Your Score History
You have not taken this quiz